Integrated Management Systems as a Tool for Achieving Continuous Improvements in Performance

Analýza faktorov, ktoré ovplyvňujú výkonnosť a účinnosť implementácie integrovaných systémov riadenia v organizácii. Identifikácia možných problémov.

Gespeichert in:
Bibliographische Detailangaben
1. Verfasser: Karkalíková, Marta
Weitere Verfasser: Strhan, Rastislav, 1968-
Format: Buchkapitel
Sprache:Englisch
Schlagworte:
Tags: Tag hinzufügen
Keine Tags, Fügen Sie das erste Tag hinzu!

MARC

LEADER 00000naa$a2200000$$$4500
001 0248521
005 20240502083705.7
041 0 |a eng 
044 |a CZ 
245 1 0 |a Integrated Management Systems as a Tool for Achieving Continuous Improvements in Performance  |c Marta Karkalíková, Rastislav Strhan 
520 |a Analýza faktorov, ktoré ovplyvňujú výkonnosť a účinnosť implementácie integrovaných systémov riadenia v organizácii. Identifikácia možných problémov. 
610 2 0 |a integrácia vnútropodniková 
610 2 0 |a výkonnosť 
610 2 0 |a rozvoj trvalo udržateľný 
610 2 0 |a účinnosť ekonomická 
610 2 0 |a systémy riadenia 
610 2 0 |a manažment 
610 2 0 |a vývoj systémov 
100 1 |a Karkalíková, Marta 
700 1 |a Strhan, Rastislav, 1968-